Project SEKAI: All commissioned songs - Statistics

General Stats
  • This quiz has been taken 36 times
  • The average score is 50 of 105
Answer Stats
Story Song % Correct
Leo/need Main Story needLe
91%
Nightcord at 25:00 Main Story Composing the Future
83%
Imprisoned Marionette Jack Pot Sad Girl
83%
First Star (Stella) After the Rain Stella
74%
It's On! Wonder Halloween! Becoming Potatoes
70%
Insatiable Pale Color Close to gray
70%
Secret Distance IDSMILE
70%
Time to RE:START! MORE! JUMP! MORE!
70%
Vivid BAD SQUAD Main Story Ready Steady
70%
Wonderlands x Showtime Main Story The World Hasn't Even Started Yet
70%
Whither This Path of Thorns BAKENOHANA
65%
Singing In Sync Forward
65%
Wonder Magical Showtime! Tondemo-Wonderz
65%
Unreliable Notes D/N/A
61%
On This Holy Night, I Sing NIJIIRO STORIES
61%
Rekindle the flame Fuel
57%
We Escape to Survive kitty
57%
On This Blank Canvas I Paint Nomad
57%
Nocturne Interlude RAD DOGS
57%
Mirage of Light Reborn
57%
Resonating with you [1]
52%
On the Stage of Dazzling Light 88☆彡
52%
Rise and Strive ANTI YOU
52%
Awakening Beat Beat Eater
52%
What Lies Beyond Guiding a Lost Child bug
52%
STRAY BAD DOG Cinema
52%
BURN MY SOUL CRAZY
52%
Backlight Lens Flare CYBER PUNK DEAD BOY
52%
Farewell, My Mask Engeki
52%
The Phoenix in the Distant Sky Mr. Showtime
52%
Smile of a Dreamer once upon a dream
52%
immiscible discord Samsa
52%
Hear Me! Hopeful Show♪ Angel's Clover
48%
The first concerto blender
48%
The Power Of Regret Bokuno Kamisama
48%
The Song of a Canary in Crisis Coral
48%
A Light Drawn Closer Empurple
48%
Star of Your Own Story filament fever
48%
Little Bravers! Flyway
48%
Mermaid Admiration Glory Steady Go!
48%
Time to take off! Haven
48%
The Warmth of a Guiding Hand Hug
48%
Hope Will Someday Go Beyond The Morning I am you
48%
MORE MORE JUMP! Main Story Idol Shin'eitai
48%
Tied By Painful Hope IF
48%
Carnation Recollection Kanadetomosusora
48%
What lies behind. What lies ahead. Lower one's eyes
48%
HALT! Tenma's on the Case! SEIBAIITAAAAASU!
48%
No seek No find SHOW OFF
48%
*Revival my dream Showtime Ruler
48%
With Our Wounded Hands Yokanimitorete
48%
Whip Yourself into Shape! Blazing
43%
The Vivid Old Tale City
43%
Dear Me, From Back Then DREAM PLACE
43%
The Legend Still Vivid Flyer!
43%
Unnamed Harmony From Tokyo
43%
Walk on and on Hollow
43%
To The Gleaming Stars Halfway Through a Dream Hoshizora Orchestra
43%
Find A Way Out Kashika
43%
Chase my IDEAL IDOL! KILLER
43%
Our Happy Ending Kirapipi★Kirapika
43%
You Deserve It! Break Time! Love material
43%
perspective for smile Opera! Space Opera!
43%
The Way I Played That Day Passion at 25:00
43%
That day, the Sky was Far Away Peaky Peaky
43%
A Bright Future!! Pulse of the Meteor
43%
On Your Feet Realize
43%
Light Up the Fire Retainer Supplanting His Lord
43%
Putting Feelings Into Words STAGE OF SEKAI
43%
Lead to shine more Supernova
43%
Find the dream view Sympathy
43%
Friendship Rebuilt The peachy key
43%
Echo My Melody the WALL
43%
Get over it. Aioi
39%
Don't Let Doubts Hold You Back Awaiting Clear Skies
39%
My Color! Color of Drops
39%
Grow glorious glow Hashiru! Tooku! Todoku!
39%
THE POWER OF UNITY Moonlight
39%
Kick It Up a Notch One Sheep
39%
Chasing The Sparkle Beyond the Blue Sky Parasol Cider
39%
Lead With Courage and Kindness Regulus
39%
Desperate Times?! Island Panic! Starry sky melody
39%
STEP by STEP! Teammates
39%
Someday, From the Depths of Despair Tricologe
39%
OVER RAD SQUAD!! ULTRA C
39%
Don't lose faith! Voices
39%
At The End of The Unraveled Thread We are
39%
*A Sad Farewell at the Curtain Call What Sort of Ending Are You Wishing For?
39%
MORE MORE Making Christmas Worldwide Wander
39%
Bout for Beside You Awake Now
35%
Deeper and deeper Eyelid
35%
Beyond The Dream of That Day Float Planner
35%
Our Constellation of Song Hoshi wo Tsunagu
35%
Happy Lovely Everyday! Icedrop
35%
Knowing the Unseen I'm the Rain
35%
From the Marks Left Behind JUMPIN' OVER !
35%
And Now, I Wear This Ribbon Kimi no Yoru Wo Kure
35%
Cast a Spell on You Metamo Re:born
35%
Same Dreams, Same Colors Mirai
35%
This moment with you! Still, we never stop singing
35%
Stick to your faith purpose
30%
Parallel Harmonies Suresure
30%
Popping in My Heart! Theme of Niccori Survey Team
30%
Live with Memories Made to Order
26%
Unsteady, still steady step Transparent Palette
17%
No matching quizzes found
Score Distribution
Percent of People with Each Score
Percentile by Number Answered
Your Score History
You have not taken this quiz